Detalles MARC
| 000 -ENCABEZADO |
| Número de control [NR] |
03026nam a22003737i 4500 |
| 001 - NÚMERO DE CONTROL |
| control field |
B-12625 |
| 003 - IDENTIFICADOR DE CONTROL NÚMERO |
| control field |
CO-BoFNCP |
| 007 - CAMPO DESCRIPCIÓN FÍSICA FIJA - INFORMACIÓN GENERAL |
| fixed length control field |
t|| |
| 008 - DE LONGITUD FIJA DE DATOS DE ELEMENTOS - INFORMACIÓN GENERAL |
| Elementos de longitud fija [NR] |
091002s2008 my r eng d |
| 040 ## - FUENTE DE CATALOGACION [NR] |
| Agencia de catalogación original [NR] |
CO-BoFNCP |
| Idioma de catalogación [NR] |
Español |
| Quien Cataloga |
CO-BoFNCP |
| Convenciones de la descripción [NR] |
rda |
| 041 ## - CODIGO DE IDIOMA [R] |
| Código de idioma para texto/pista de sonido o título separado [R] |
Inglés |
| 043 ## - CODIGO DE AREA GEOGRAFICA [NR] |
| Código de área geográfica [R] |
my |
| 084 ## - OTRO NUMERO DE CLASIFICACION [R] |
| Número clasificador [R] |
A- |
| 100 1# - ASIENTO PRINCIPAL--NOMBRE PERSONAL [NR] |
| Nombre personal [NR] |
Sim, C. C. |
| ID Autoridad |
41400, |
| Término relacionador [R] |
autor. |
| Relator code |
aut |
| 245 10 - MENCION DE TITULO [NR] |
| Título [NR] |
Replanting for sustainable high yield. |
| 264 #4 - PRODUCCIÓN, PUBLICACIÓN, DISTRIBUCIÓN, FABRICACIÓN Y COPYRIGHT |
| Fecha de producción, publicación, distribución, fabricación o copyright |
©2008 |
| 300 ## - DESCRIPCION FISICA [R] |
| Extensión [R] |
páginas 739-751 : |
| Otros detalles físicos [NR] |
Tablas, gráficos, fotografías. |
| 336 ## - TIPO DE CONTENIDO |
| Término de tipo de contenido |
texto |
| Código de tipo de contenido |
txt |
| Fuente |
rdacontent |
| 337 ## - TIPO DE MEDIO |
| Nombre/término del tipo de medio |
sin mediación |
| Código del tipo de medio |
n |
| Fuente |
rdamedia |
| 338 ## - TIPO DE SOPORTE |
| Nombre/término del tipo de soporte |
volumen |
| Código del tipo de soporte |
nc |
| Fuente |
rdacarrier |
| 504 ## - NOTA DE BIBLIOGRAFIA, ETC. [R] |
| Nota de bibliografía, etc. [NR] |
Incluye referencias bibliográficas. |
| 520 ## - NOTA DE RESUMEN, ETC. [R] |
| Nota de sumario, etc. [NR] |
The average crude palm oil (CPO) yield in Malaysia has been stagnating at around 4 tonnes per hectare per year. Production and hence profit of most plantation companies had been increased and temporarily sustained largely by expanding the areas of planting. However, due to shortage of suitable agriculture land. Other than implementing good agro-management practices to achieve high yield of existing palms, one of the most promising ways by which the productivity of existing land can be significantly improved is to replant i.e. replacing existing old palms with higher yielding materials. This can be supported by the fact 16 percent of imporvement in fresh fruit bunch (FFB) yield and 35 percent of improvement in oil yield has been achieved over the past 10 to 15 years through breedings efforts. With the advancement of technologies and knowledge, we can also take a rare opportunity in replanting to optimise the planting density and planting pattern under different environment conditions in ways that have not been possible before to enhance the yield and productivity of the improved planting materials. With the introduction of useful spatial data and geo-spatial analysis tools, efficient road system should be planned to reduce the long-term maintenance cost in hilly areas while effective drainage scheme can be designed to enhance the yield productivity of low-lying areas. In addition to these, large amount of nutrients, equivalent to about 1500 kg per hectare of ammonium sulphate, 220 kg per hectare of rock phosphate, 1330 kg per hectare of muriate of potash and 360 kg per hectare of kieserite that are 'stored' in the palm biomass can also be reutilised by young palms. At the same time, 'free' nitrogen from the air, equivalent to 1190 kg per hectare of ammonium sulphate can possibly be fixed and incorporated into the soil by leguminous cover plants during the inmature period. |
| 650 #0 - ASIENTO SECUNDARIO DE MATERIA - TERMINO TEMATICO [R] |
| Término temático o nombre geográfico como elemento de entrada [NR] |
Cosecha de oleaginosas |
| 9 (RLIN) |
30059. |
| 650 #0 - ASIENTO SECUNDARIO DE MATERIA - TERMINO TEMATICO [R] |
| Término temático o nombre geográfico como elemento de entrada [NR] |
Pérdida de semillas |
| 9 (RLIN) |
34440. |
| 650 #0 - ASIENTO SECUNDARIO DE MATERIA - TERMINO TEMATICO [R] |
| Término temático o nombre geográfico como elemento de entrada [NR] |
Preparación de semillas |
| 9 (RLIN) |
34808. |
| 650 #0 - ASIENTO SECUNDARIO DE MATERIA - TERMINO TEMATICO [R] |
| Término temático o nombre geográfico como elemento de entrada [NR] |
Replantación de palma de aceite |
| 9 (RLIN) |
35349. |
| 650 #0 - ASIENTO SECUNDARIO DE MATERIA - TERMINO TEMATICO [R] |
| Término temático o nombre geográfico como elemento de entrada [NR] |
Palma de aceite |
| 9 (RLIN) |
37678. |
| 700 1# - ASIENTO SECUNDARIO - NOMBRE PERSONAL [R] |
| Nombre personal [NR] |
Teo, C. B. |
| 9 (RLIN) |
41401. |
| 700 1# - ASIENTO SECUNDARIO - NOMBRE PERSONAL [R] |
| Nombre personal [NR] |
Tey, S. H. |
| 9 (RLIN) |
41402. |
| 773 0# - ASIENTO DEL ITEM FUENTE [R] |
| Asiento principal [NR] |
The Planter (Malasia) |
| Información sobre la relación [R] |
v. 84, no. 992 (2008), p.739-751 |
| Número de control del registro [R] |
A- |
| Número Internacional Normalizado para Publicaciones Seriadas - ISSN [NR] |
0126-575x |
| 942 ## - ELEMENTOS DE ENTRADA AGREGADOS (KOHA) |
| Sistema de clasificación |
Local |
| Tipo de ítem principal el descrito en 300a |
Artículo |
| 999 ## - NÚMEROS DE SISTEMAS DE CONTROL (KOHA) |
| Koha biblionumber |
26597 |
| 999 ## - NÚMEROS DE SISTEMAS DE CONTROL (KOHA) |
| Registro cosechable |
Si |